000 00676nam a2200193 4500
003 CO-ViMGA
040 _aCO-ViMGA
_bspa
_cCO-ViMGA
082 0 4 _a320.986
_bG65o3
100 1 _aGómez, Laureano,
_d1889 - 1965.
_97391
245 1 0 _aObras completas:
_bTomo V, discursos académicos y doctrinados /
_cLaureano Gómez.
260 _aBogota:
_bInstituto caro y cuervo,
_c2013.
300 _a355 p. ;
_b23.5 cm.
500 _aIncluye indice académicos y doctrinarios.
650 1 4 _aColombia - Historia.
_97394
650 1 4 _aColombia - Política y gobierno.
_97393
650 1 4 _aEstadístas colombianos.
_97392
700 1 _aRuiz Santos, Ricardo,
_ecompilador.
_97330
942 _2ddc
_cBK
999 _c37726
_d37726